Statistics for Major Cities Near Fresno by Distance

Click here to take the quiz!

General Stats

  • This quiz has been taken 19 times
  • The average score is 7 of 9

Answer Stats

Distance (mi)Answer% Correct
104 MilesBakersfield
100%
159 MilesSacramento
94%
163 MilesSan Francisco
94%
124 MilesSan Jose
88%
92 MilesModesto
82%
156 MilesOakland
76%
120 MilesStockton
65%
192 MilesReno, NV
47%
135 MilesFremont
24%

Score Distribution

Percentile by Number Answered

Percent of People with Each Score

Your Score History

You have not taken this quiz